O capitão Vil e o seu navio pirata (Registo nº 21504)

Detalhes MARC
000 -Etiqueta do registo
Valores 00614nam a22001931i 4500
090 ## -
-- 21504
010 ## - Número ISBN
ISBN 9789724236988
100 ## - Dados gerais de processamento
Dados gerais 20170304u u u0frey50 ba
101 0# - Língua de publicação
-- por
200 1# - Titulo e menção de responsabilidade
Primeira menção de responsabilidade Nick Denchfield
Título próprio O capitão Vil e o seu navio pirata
215 ## - Descrição física 
Paginação / Volumes [10] p.
Outras indicações físicas muito il.
Dimensões 25 cm
210 ## - Publicação
Nome do editor Círculo de Leitores
Local de publicação Lisboa
Data de publicação 2006
300 ## - Notas gerais 
Texto da nota Livro a 3 dimensões
702 #1 - Autor secundário (pessoa individual)
Apelido Brito
Nome João
-- 730
ID Autoridade 4955
702 #1 - Autor secundário (pessoa individual)
Apelido Cox
Nome Steve
-- 440
700 #1 - Autor principal (pessoa individual)
Apelido Denchfield
Nome Nick
-- 070
996 ## - ISO2709
-- 0030942
-- DEN Inf
-- 00000000
-- 00000000
-- BMVAAL
-- 3
-- Alcáçovas
-- Literatura Infantil
-- 35
-- Livro
-- 6
990 ## - Elementos KOHA
Tipo de documento Livro
Exemplares
Situação do levantamento Estado Biblioteca de origem Biblioteca de empréstimo Código de barras Cota Permissão de empréstimo Tipo de documento Nota relativa ao exemplar
  Completo Biblioteca Municipal de Viana Do Alentejo Pólo Alcáçovas Biblioteca Municipal de Viana Do Alentejo Pólo Alcáçovas 0018180 8 DEN Disponível Livro 6-10 anos




Powered by Koha